Diseases of Medicinal and Aromatic Plants and their Management (Record no. 52460)

MARC details
000 -LEADER
fixed length control field 00680nam a22002177a 4500
003 - CONTROL NUMBER IDENTIFIER
control field OSt
008 - FIXED-LENGTH DATA ELEMENTS--GENERAL INFORMATION
fixed length control field 260629b |||||||| |||| 00| 0 eng d
020 ## - INTERNATIONAL STANDARD BOOK NUMBER
International Standard Book Number 9788170196334
082 ## - DEWEY DECIMAL CLASSIFICATION NUMBER
Classification number 633.8893
Item number P18D
245 ## - TITLE STATEMENT
Title Diseases of Medicinal and Aromatic Plants and their Management
Statement of responsibility, etc. Editers- Pandey, Rakesh
260 ## - PUBLICATION, DISTRIBUTION, ETC. (IMPRINT)
Place of publication, distribution, etc New Delhi
Name of publisher, distributor, etc Indian Phytopathological Society
Date of publication, distribution, etc 2019
300 ## - PHYSICAL DESCRIPTION
Extent 352p.
650 ## - SUBJECT ADDED ENTRY--TOPICAL TERM
Topical term or geographic name as entry element Medicinal plants $x Diseases $x Management.
650 ## - SUBJECT ADDED ENTRY--TOPICAL TERM
Topical term or geographic name as entry element Aromatic plants $x Diseases $x Management.
650 ## - SUBJECT ADDED ENTRY--TOPICAL TERM
Topical term or geographic name as entry element Plant diseases $x Management.
700 ## - ADDED ENTRY--PERSONAL NAME
Personal name Mishra, A.K
700 ## - ADDED ENTRY--PERSONAL NAME
Personal name Singh, H.B.
700 ## - ADDED ENTRY--PERSONAL NAME
Personal name Kalra, Alok
700 ## - ADDED ENTRY--PERSONAL NAME
Personal name Singh, Dinesh
942 ## - ADDED ENTRY ELEMENTS (KOHA)
Source of classification or shelving scheme
Koha item type Books
Holdings
Withdrawn status Lost status Source of classification or shelving scheme Damaged status Not for loan Home library Current library Shelving location Date acquired Source of acquisition Currency Cost, normal purchase price Total Checkouts Full call number Barcode Date last seen Bill Date Koha item type Bill Number
          Dr. Rajendra Prasad Central Agricultural University Pusa, Dr. Rajendra Prasad Central Agricultural University Pusa, General Stacks 29/06/2026 TTPP, New Delhi INR 5495.00   633.8893 P18D 87745 29/06/2026 29/01/2026 Books IN-00449
Hosted, Implemented, Customized & Maintained by: BestBookBuddies

Powered by Koha